| 000 | 00646nam a22002177a 4500 | ||
|---|---|---|---|
| 003 | DO-SdBNP | ||
| 005 | 20180122134404.0 | ||
| 008 | 171026b 2010||||| |||| 00| 0 spa d | ||
| 020 | _a9788499893594 | ||
| 040 |
_aBPMSU _bspa _cBPMSU |
||
| 100 | 1 | _aEco, Umberto | |
| 245 | 1 | 3 |
_aEl cementerio de Praga / _cUmberto Eco ; traducción Helena Lozano Miralles |
| 260 |
_aEspaña : _bRCS Libri ; _c2010. |
||
| 300 |
_a584 p. : _bil. ; _c22 cm. |
||
| 490 | 1 |
_aBestseller _v238 |
|
| 700 |
_aLozano Miralles, _etr. |
||
| 830 | 0 |
_aBestseller _n238 |
|
| 942 |
_2ddc _cBK |
||
| 945 | _aInventariado extranjero / 2018 VM | ||
| 956 |
_aBTAVAREZ _b10 _c20172610 _d0038 |
||
| 999 |
_c12702 _d12702 |
||